000 00701nam a22002177a 4500
999 _c738
_d738
003 OSt
005 20230119111125.0
008 141111b xxu||||| |||| 00| 0 eng d
020 _a9780080449852
040 _cDNLM
082 _aWB 469 P569j 2008
100 _aEdited by Jennifer A Pryor; Ammani Prasad S.
_916400
245 _aPhysiotherapy for Respiratory and Cardiac Problems:
_bAdults and Paediatrics
250 _a4th ed.
260 _aLondon:
_bChurchil livingstone Elsevier;
_c2008.
300 _axiv, 632 p :
_bcol.ill ;
_c27 cm
504 _aIncludes Bibliographical references and Index.
650 _aPhysiotherapy.
_91959
650 _aRespiratory cardiology
_916401
942 _2z
_cSLOAN